书目信息 |
| 题名: |
中国历代状元 (上)
|
|
| 作者: | 曹济平 主编 | |
| 分册: | ||
| 出版信息: | 郑州 河南人民出版社 1992.12 |
|
| 页数: | 466页 | |
| 开本: | 32开 | |
| 丛书名: | ||
| 单 册: | ||
| 中图分类: | K828.9 | |
| 科图分类: | ||
| 主题词: | 人物--传记--中国 | |
| 电子资源: | ||
| ISBN: | 7-215-02118-1 | |
| 000 | 00575nam0 2200193 45 | |
| 001 | 0007251001 | |
| 005 | 20000725163317.5 | |
| 010 | @a7-215-02118-1@d17.00元 | |
| 100 | @a20000725d1992 km y0chiy0120 ea | |
| 101 | 0 | @achi |
| 105 | @a z 000yy | |
| 200 | 1 | @a中国历代状元 (上)@AZhong Guo Li Dai Zhuang Yuan (Shang)@f曹济平主编@FCao Ji Ping Zhu Bian |
| 210 | @a郑州@c河南人民出版社@d1992.12 | |
| 215 | @a466页@d32开 | |
| 606 | 0 | @a人物@x传记@x中国 |
| 690 | @aK828.9@v3 | |
| 701 | 0 | @a曹济平@4主编 |
| 801 | @aCN@bPftUser@c20000725 | |
| 905 | @dK828.9@eC685:1@b77414-418@f5 | |
| 中国历代状元 (上)/曹济平主编.-郑州:河南人民出版社,1992.12 |
| 466页;32开 |
| ISBN 7-215-02118-1:17.00元 |
| ● |
| 相关链接 |
|
|
|
正题名:中国历代状元(上)
索取号:K828.9/C685:1
 
预约/预借
| 序号 | 登录号 | 条形码 | 馆藏地/架位号 | 状态 | 备注 |
| 1 | 77414 | 200774144 | 社科库309/309社科库 60排4列1层/ [索取号:K828.9/C685:1] | 在馆 | |
| 2 | 77415 | 200774153 | 自科二线404/400A自科库 13排1列4层/ [索取号:K828.9/C685:1] | 在馆 | |
| 3 | 77416 | 200774162 | 社科库309/309社科库 60排4列1层/ [索取号:K828.9/C685:1] | 在馆 | |
| 4 | 77417 | 200774171 | 社科库309/ [索取号:K828.9/C685:1] | 在馆 | |
| 5 | 77418 | 200774180 | 自科二线404/400A自科库 13排1列4层/ [索取号:K828.9/C685:1] | 在馆 |